书目信息 |
| 题名: |
袁崇焕.借刀杀人
|
|
| 作者: | 郑文金 著 | |
| 分册: | ||
| 出版信息: | 长沙 湖南文艺出版社 1999.09 |
|
| 页数: | 293页 | |
| 开本: | 32开 | |
| 丛书名: | ||
| 单 册: | ||
| 中图分类: | I247.5 | |
| 科图分类: | ||
| 主题词: | 小说--中国 | |
| 电子资源: | ||
| ISBN: | 7-5404-2118-5 | |
| 000 | 00551nam0 2200193 45 | |
| 001 | 0011011998 | |
| 005 | 20001101184113.4 | |
| 010 | @a7-5404-2118-5@d13.50元 | |
| 100 | @a20001101d1999 km y0chiy0120 ea | |
| 101 | 0 | @achi |
| 105 | @a z 000yy | |
| 200 | 1 | @a袁崇焕.借刀杀人@AYuan Chong Huan.Jie Dao Sha Ren@f郑文金著@FZheng Wen Jin Zhu |
| 210 | @a长沙@c湖南文艺出版社@d1999.09 | |
| 215 | @a293页@d32开 | |
| 606 | 0 | @a小说@x中国 |
| 690 | @aI247.5@v3 | |
| 701 | 0 | @a郑文金@4著 |
| 801 | @aCN@bPftUser@c20001101 | |
| 905 | @b195678-681@dI247.5@eZH359@f4 | |
| 袁崇焕.借刀杀人/郑文金著.-长沙:湖南文艺出版社,1999.09 |
| 293页;32开 |
| ISBN 7-5404-2118-5:13.50元 |
| ● |
| 相关链接 |
|
|
|
正题名:袁崇焕·借刀杀人
索取号:I247.5/ZH359
 
预约/预借
| 序号 | 登录号 | 条形码 | 馆藏地/架位号 | 状态 | 备注 |
| 1 | 195678 | 201956785 | 社科二线422/422社科库 4排1列2层/ [索取号:I247.5/ZH359] | 在馆 | |
| 2 | 195679 | 201956794 | 社科二线422/422社科库 29排1列3层/ [索取号:I247.5/ZH359] | 在馆 | |
| 3 | 195680 | 201956801 | 社科二线422/422社科库 4排1列2层/ [索取号:I247.5/ZH359] | 在馆 | |
| 4 | 195681 | 201956810 | 社科二线422/422社科库 4排1列2层/ [索取号:I247.5/ZH359] | 在馆 | |
| 5 | 195682 | 201956829 | 社科二线422/422社科库 4排1列2层/ [索取号:I247.5/ZH359] | 在馆 |